00578 a2200181 4500001000700000003000400007005001700011008004100028082001400069100001800083245005300101260002700154300001000181690005400191942001200245999001500257952012400272067327OSt20211130170045.0  a660bD65G1 aDoble, Mukesh1 aGreen chemistry and engineeringcby Mukesh Doble aLondonbElsevierc2007 a326p. aGreen chemistry; Environmental chemistry; Ecology 2ddccBK c1250d1250 00102ddc40708TXBaCURAJbCURAJd2012-03-07eCHMg3965.00l1o660 D65Gp1613r2024-11-21s2022-04-26w2020-09-02yBK